Introducción a la matemática borrosa (Registro nro. 22723)

Detalles MARC
000 -LEADER
fixed length control field 00307 a2200109 4500
001 - CONTROL NUMBER
control field ART_6226
005 - DATE AND TIME OF LATEST TRANSACTION
control field 20260410161825.0
008 - FIXED-LENGTH DATA ELEMENTS--GENERAL INFORMATION
fixed length control field 260409a
100 1# - MAIN ENTRY--PERSONAL NAME
Personal name Mallo, Paulino E.
245 10 - TITLE STATEMENT
Title Introducción a la matemática borrosa
773 0# - HOST ITEM ENTRY
Title FACES
Related parts - Año 4, Nº 5 (may. 1998)
Record control number REV5046

No hay ítems disponibles.